Real-time digital signal processing from MATLAB to C with the TMS320C6x DSK (Record no. 66656)
[ view plain ]
| 000 -LEADER | |
|---|---|
| fixed length control field | 00526nam a22001817a 4500 |
| 003 - CONTROL NUMBER IDENTIFIER | |
| control field | NUST - PNEC |
| 005 - DATE AND TIME OF LATEST TRANSACTION | |
| control field | 20170116180959.0 |
| 008 - FIXED-LENGTH DATA ELEMENTS--GENERAL INFORMATION | |
| fixed length control field | 150912b xxu||||| |||| 00| 0 eng d |
| 020 ## - INTERNATIONAL STANDARD BOOK NUMBER | |
| International Standard Book Number | 0849373824 |
| 020 ## - INTERNATIONAL STANDARD BOOK NUMBER | |
| International Standard Book Number | 9780849373824 |
| 040 ## - CATALOGING SOURCE | |
| Transcribing agency | LIBRARY |
| 082 ## - DEWEY DECIMAL CLASSIFICATION NUMBER | |
| Classification number | 621.3822 WEL |
| 100 ## - MAIN ENTRY--PERSONAL NAME | |
| 9 (RLIN) | 9437 |
| Personal name | Welch, Thad B. |
| 245 ## - TITLE STATEMENT | |
| Title | Real-time digital signal processing from MATLAB to C with the TMS320C6x DSK |
| Statement of responsibility, etc. | Thad B. Welch |
| 260 ## - PUBLICATION, DISTRIBUTION, ETC. | |
| Date of publication, distribution, etc. | c.2006 |
| 650 ## - SUBJECT ADDED ENTRY--TOPICAL TERM | |
| 9 (RLIN) | 9439 |
| Topical term or geographic name entry element | Signal processing--Digital techniques |
| General subdivision | MIS |
| 942 ## - ADDED ENTRY ELEMENTS (KOHA) | |
| Source of classification or shelving scheme | |
| Koha item type | Book |
| Withdrawn status | Lost status | Source of classification or shelving scheme | Damaged status | Not for loan | Permanent Location | Current Location | Shelving location | Date acquired | Total Checkouts | Full call number | Barcode | Date last seen | Price effective from | Koha item type |
|---|---|---|---|---|---|---|---|---|---|---|---|---|---|---|
| Pakistan Navy Engineering College (PNEC) | Pakistan Navy Engineering College (PNEC) | 621.3822 WEL | PNECLIB-028413 | 09/12/2015 | Book |
